02687 a2200193 45000010006000000050017000060080041000230030015000640400040000790800073001192450063001922640080002553000025003355052030003601000024023907000031024147000023024457000025024682464120260407155529.0260407a1971 arg spa dAR-UNSa-BCEJYS aAR-UNSa-BCEJYSbspacAR-UNSa-BCEJYS a657.3xPresupuestos. Cierre de Cuentas. Balances (Estados Contables)10aEstados financierospformas, análisis e interpretación 1aMéxico :bUnión Tipográfica Editorial Hispano-Americana (UTEHA)c1971 axvii, 805 p.c22 cm. aParte I: Introducción a los estados financieros y formulación de los mismos : 1.Introducción - 2. El balance : Principios generales - 3. El balance: Activos circulantes - 4. El balance : Activos no circulantes - 5. El balance : pasivo y capital - 6. El estado de pérdidas y ganancias y los estados del superávit y del capital - 7. Estados consolidados - Parte II: Análisis e interpretación de los estados financieros comerciales e industriales : 8. Estados financieros comparativos - 9. Porcentajes de la tendencias - 10. Estados con base común - 11. El capital de trabajo - 12. Estados de los cambios en el capital neto del trabajo - 13. Estado del flujo del efectivo - 14. Introducción a las razones estándar - 15. Análisis del capital neto de trabajo por medio de razones - 16. Análisis de la situación financiera a largo plazo - 17. Análisis de la situación financiera a largo plazo (continuación) - 18. Análisis de la utilidad - Parte III: Efecto de los cambios en los niveles de precios en la interpretación de los estados financieros : 19. Los cambios en el nivel de precios y los estados financieros - 20. Ajuste de los ingresos a los cambios en el dólar - 21. Ajustes en los costos por cambios en el nivel de precios - 22. Los cambios en el nivel de precios y el balance general - 23. Un estudio del nivel de precios - Parte IV: Análisis e interpretación de los estados financieros de distintos tipos de negocios : 24. Estados de una tienda de víveres, una tienda de departamentos y un fabricante de maquina industrial - 25. Estados de las empresas de transportes aéreos - 26. Estados de las empresas de transporte aéreo - 27. Estados de las empresas de ferrocarriles - 28. Estados de las empresas de ferrocarriles (continuación) - 29. Estados financieros de las empresas de servicios públicos - 30. Estados financieros de las empresas de sevicios públicos - 31. Estados finacieros de los bancos comerciales - 32. Estados financieros de los bancos comerciales. 1 aKennedy, Ralph Dale1 aMc Mullen, Stewart Yarwood1 aGuasch Rubio, Luis1 aArenas Renart, Jorge